00877cam a2200229 a 450000100100000000500170001000800410002702000150006804000290008305000210011208200130013310000290014624501090017526000640028430000310034850400530037965100380043291000340047004900090050495201170051399900170063000001424720200929163535.0041222s2004 ir a b 001 0 eng d a9649449167 aDO-SdBNPbengcLCdBNPHU00aHC473b.M87 2004 ann*bnn*1 aMuridi, Siyavash.93216614aThe book of Iran :bthe iranian economy at a glance /cSiyavash Moridi ; traducción Mohsen Shojakhani. aTehran :bCenter for International-Cultural Studies,c2004. av, 184 p. :bil. ;c23 cm. aIncluye referencias bibliográficas e índice. 0aIranxEconomic Conditions.932167 aCatalogación por copia / LC aBNGR 001054708MOaGRbGRcCTd2009-12-08iLF1l0onn* nn*p14247-10r2020-06-25w2020-06-25y4ZPréstamo en sala c13845d13845